| 000 | 00518nam a2200181Ia 4500 | ||
|---|---|---|---|
| 999 |
_c23328 _d23328 |
||
| 003 | OSt | ||
| 005 | 20200206111136.0 | ||
| 008 | 190216s9999||||xx |||||||||||||| ||und|| | ||
| 020 | _a9788182717183 | ||
| 040 | _coclc | ||
| 082 |
_a297.61 _bKAM/K |
||
| 100 |
_aKamaludheen, K P _91845 |
||
| 245 | 0 |
_aKhaleefa Usman / _cK P Kamaludheen |
|
| 260 |
_bIslamic Publishing House, _c2015. _aKozhikode: |
||
| 300 | _a251p | ||
| 650 | _aIslamic History | ||
| 942 |
_cBK _2ddc _h297.61 _iKAM/K _k297.61 _mKAM/K |
||